000 02077nam2a2200289 4500
001 RU\NLR\BIBL_A\022462664
005 20260409073622.0
035 _a(NLR Aleph) 022462664
090 _a13364909
_c13364909
100 _a20250219d2024 u y0rusy50 ca
101 0 _arus
102 _aRU
105 _aa j 000yy
200 1 _aУравнения и система уравнений
210 _d2024
215 _a93 с.
_cил., табл.
313 _aуравнения и неравенства
320 _aБиблиогр.: с. 91–92 (10 назв.)
461 0 _1001RU\NLR\BIBL_A\022462649
_12001#$aМетодические особенности решения сложных математических задач$eучебное пособие$eдля обучающихся по направлению подготовки 44.03.01 Педагогическое образование$fТ. А. Табишев$gМинистерство науки и высшего образования Российской Федерации, Федеральное государственное бюджетное образовательное учреждение высшего образования "Кабардино-Балкарский государственный университет им. Х. М. Бербекова"$vЧ. 1
_1700#1$aТабишев$bТ. А.$gТимур Арсенович
606 1 _aУравнения
_jУчебные издания для высших учебных заведений
_xРешение
_91870754
_3RU\NLR\AUTH\661140162
606 1 _aУравнения
_jУчебные издания для высших учебных заведений
_xСистемы
_xРешение
_91870800
_3RU\NLR\AUTH\661140180
606 _8rus
_aНеравенства (мат.)
_xРешение
_7ca
_jУчебные издания для высших учебных заведений
_3RU\NLR\AUTH\661265145
_92090120
686 1 _aВ151.5я73-41
942 _cBOOK
980 _aNB